00714nab a2200205 uc450000100070000000500170000700800410002403500110006503500210007604000130009704100080011010000270011824500540014565000390019965000310023865000400026970000250030970000250033477301490035917177320240201161814.0980402e19891201 spa  a171773 a(OCoLC)819761573 ccomduadb aspa10aSebastian, A4auteaut10aSistema de adquisicion de datos de alta velocidad aSistemas de adquisición de datos aAceleradores de particulas aPartículas elementales (Física)10aSanchis, E4auteaut10aFerrer, A.4auteaut0 tInvestigación y Ciencia. Edición Española de Scientific American (Barcelona)gNúmero 159, Diciembre 1989, p. 72-80w5406z0210136X03445